Complex Analysis (Record no. 61131)

MARC details
000 -LEADER
fixed length control field 00545nam a22002297a 4500
003 - CONTROL NUMBER IDENTIFIER
control field OSt
005 - DATE AND TIME OF LATEST TRANSACTION
control field 20250503135430.0
008 - FIXED-LENGTH DATA ELEMENTS--GENERAL INFORMATION
fixed length control field 250503b |||||||| |||| 00| 0 eng d
020 ## - INTERNATIONAL STANDARD BOOK NUMBER
International Standard Book Number 978-81-8371-548-5
040 ## - CATALOGING SOURCE
Transcribing agency Trident
082 ## - DEWEY DECIMAL CLASSIFICATION NUMBER
Classification number 515.9
Item number ARU
100 ## - MAIN ENTRY--PERSONAL NAME
Personal name S. Arumugam
110 ## - MAIN ENTRY--CORPORATE NAME
Corporate name or jurisdiction name as entry element A.Thangapandi Isaac
9 (RLIN) 45401
111 ## - MAIN ENTRY--MEETING NAME
Meeting name or jurisdiction name as entry element A.Somasundaram
9 (RLIN) 45402
245 ## - TITLE STATEMENT
Title Complex Analysis
250 ## - EDITION STATEMENT
Edition statement 1st
260 ## - PUBLICATION, DISTRIBUTION, ETC.
Place of publication, distribution, etc. Chennai
Name of publisher, distributor, etc. Scitech
Date of publication, distribution, etc. 2024
300 ## - PHYSICAL DESCRIPTION
Extent "257p;"
500 ## - GENERAL NOTE
General note Quantity-1
650 ## - SUBJECT ADDED ENTRY--TOPICAL TERM
Topical term or geographic name entry element Mathematics
942 ## - ADDED ENTRY ELEMENTS (KOHA)
Source of classification or shelving scheme Dewey Decimal Classification
Koha item type Books
Suppress in OPAC No
Holdings
Withdrawn status Lost status Source of classification or shelving scheme Damaged status Not for loan Home library Current library Shelving location Date acquired Total Checkouts Full call number Barcode Date last seen Price effective from Koha item type
    Dewey Decimal Classification     Central Library, Trident Academy of Technology Central Library, Trident Academy of Technology General Stacks 05/03/2025   515.9 ARU 61582 05/03/2025 05/03/2025 Books
Trident Academy of Technology © 2023.
All rights reserved.                                                                                                                                                                                                        Designed by Team of Central Library .

Powered by Koha